000 00292 a2200121 4500
001 64348
082 _a515 AYR
090 _c37983
_d37983
100 _aAyres Frank
245 _aSchaum's outline of differential and integral calculus
260 _aNY
_bMcGraw-Hill
_c1964
300 _a345 p.
942 _aNUST-CAE
_k515 AYR
999 _c299421
_d299421